000 00289nam a22001337a 4500
008 170925b xxu||||| |||| 00| 0 eng d
020 _a9780768907124
041 _aeng
080 _a37
100 _a46
101 _aEDU
245 _aGOING BACK TO SCHOOL
_cBRUNO,F.J
942 _2udc
_cBK
999 _c29601
_d29601